000 00439nam a2200181Ia 4500
001 10976
005 20260306161912.0
008 260306t2005||||xx |||||||||||||| ||spa||
041 _aESP
082 _a985
_bC28A
100 _aCarty, Charles I.
_eAUT
245 0 _aArequipa, patrimonio cultural de la humanidad
260 _c2005
300 _a118 páginas :
_c21 cm.
650 _aGEN
654 _aCHU
942 _cLIB
_dJUS
_fJUS
_2ddc
_n
999 _c10976
_d10976